1921 1140 1266 1240 1898 1008 1431 1879 1231 1951 1241 1259 1297 1165 1043 1345 1402 1703 1726 1576 1165 1802 1256 1814 1900 1514 1513 1325 1514 1447 1134 1521 1278 1205 1167 1628 1365 1930 1109 1109 1507 1149 1397 1832 1965 1467 1071 1636 1212 1354 1623 1712 1412 1610 1385 1530 1342 1913 1154 1649 1022 1218 1104 1443 1695 1696 1779 1306 1049 1712 1634 1326 1921 1714 1984 1193 1479 1099 1264 1901 1339 1278 1005 1309 1500 1489 1261 1109 1055 1256 1186 1044 1860 1249 1687 1083 1748 1144 1946 BCNSPRNW ULIB Ver.6.0+V

เปลี่ยนเป็นภาษาไทย

Change to English
 แสดงรายละเอียดบรรณานุกรม
  กลับหน้าหลัก

Brief Record : Get Marc (ISO 2709) : E-mail record : QR code < ปิดหน้าต่าง
LEADER : 00000nam 2200000uu 4500
001    13399126436
003     ULIB
008    180916s2018||||th 000 0 tha d
020    ^a9781496351364
060    ^aWY86^bL913L
100    ^aLucy Hood RN, DNSc
245    ^aLeddy & Pepper s Professional Nursing
250    ^a9th ed
260    ^aPhiladelphia :^bWolters Kluwer,^c2018
300    ^a610 pages;^b26 cm
650    ^aNursing Theory
650    ^aNursing-trends
945    ^p0^l0^i26638
999    ^aกัณชพร จุลอักษร
รายการนี้ยังไม่มีแท็ก
คุณยังไม่ได้ล็อกอิน คุณสามารถมีกิจกรรมร่วมกับเว็บไซต์ได้ แต่ต้องล็อกอินก่อน ::
  ล็อกอิน

รายการสื่อสารสนเทศ

ลำดับที่ ประเภท เลขเรียก/บาร์โค้ด สถานที่ สถานะ
1. หนังสือสำรอง
หนังสือสำรอง
WY86 L913L ฉ.1 
  Barcode: 26638
ห้องสมุดวิทยาเขตนครสวรรค์
►หนังสือทั่วไป:l:General Books
บนชั้น

รายการใกล้เคียง
    ชื่อเรื่อง [Leddy & Pepper s Professional Nursing]

    ผู้แต่ง [Lucy Hood RN, DNSc]

    หัวเรื่อง [Nursing Theory]
    หัวเรื่อง [Nursing-trends]

BibComment


ยังไม่เคยถูกคอมเมนท์

คอมเมนท์ทรัพยากรรายการนี้
  คอมเมนท์: Leddy Pepper s ..


 Copyright 2026. Bcnsprnw @Library